Fabricación de mermelada

Saved in:
書目詳細資料
主要作者: Rauch, George H (Author)
格式: 圖書
語言:西班牙语
出版: Zaragoza Acribia 1970
主題:
標簽: 添加標簽
沒有標簽, 成為第一個標記此記錄!

MARC

LEADER 00000nam a2200000 a 4500
001 UCR4729
003 CL-VaPUC
008 980313e19700000SP |||||||||||||||||spa|d
082 0 4 |a 664.152  |b RAU  |2 21 
100 0 |a Rauch, George H  |e author  |9 405289 
245 1 0 |a Fabricación de mermelada 
300 |a 214 p 
942 |c BK 
945 |d 19980313 00:00:00  |a crobeson 
260 |a Zaragoza  |b Acribia  |c 1970 
650 7 |a MERMELADAS  |2 CL-VaPUC  |9 405290 
650 0 |a Industria alimentaria  |9 331702 
583 |a last modification  |c 20141125 05:57:12  |k Rodrigo Vera 
999 |c 267622  |d 267620 
952 |0 0  |1 0  |4 0  |6 664_152000000000000_RAU_1970  |7 0  |8 A  |9 300065  |a BIBALI  |b BIBALI  |c RES  |d 2019-11-20  |i 1962108  |o 664.152 RAU 1970  |p 1962108  |r 2025-01-20  |w 2019-11-20  |y BK_R  |k ALI